Acta de la sesión pública inaugural que la Academia de Medicina y Cirujía de Barcelona celebró el día 6 de enero de 1870
Descripción Física:
109 p. ; 25 cm
Otros Autores:
Homs Pascuets, Nicolás
MARC
| LEADER | 00000nam a2200000Ia 4500 | ||
|---|---|---|---|
| 001 | 11708 | ||
| 008 | 160829s1870 xx 000 0 cat d | ||
| 080 | |a C-1-577 | ||
| 110 | 2 | |a Reial Acadèmia de Medicina de Barcelona |9 55094 | |
| 245 | |a Acta de la sesión pública inaugural que la Academia de Medicina y Cirujía de Barcelona celebró el día 6 de enero de 1870 | ||
| 260 | |a Barcelona : |b (Tip. Jaime Jepús), |c 1870 | ||
| 300 | |a 109 p. ; |c 25 cm | ||
| 590 | |a Conté: El suicidio en sus relaciones con las doctrinas filosóficas y con la civilización / D. Nicolás Homs Pascuets | ||
| 610 | 2 | 0 | |a Reial Acadèmia de Medicina de Barcelona |9 55094 |
| 650 | |a Suïcidi |9 23507 | ||
| 700 | |a Homs Pascuets, Nicolás |9 23508 | ||
| 901 | |a Arxiu | ||
| 942 | |n 1 | ||
| 952 | |0 0 |1 0 |4 0 |6 C1577 |7 1 |9 42734 |a Arxiu |b Arxiu |d 2016-12-01 |l 0 |o C-1-577 |p 11708 |r 2016-12-01 00:00:00 |w 2016-12-01 |y ARXIU | ||
| 999 | |c 45240 |d 45240 | ||